000 00365nam a22001577a 4500
005 20251108173137.0
008 250721s9999 xx 000 0 eng d
082 1 4 _aJ/F/KHA
100 1 _aal khamisy, ahmad
245 1 4 _athe ant and the ear of wheat /
264 _bhala ellpuji,
300 _a12 P
650 1 7 _aFICTION
942 _2ddc
_cBK
999 _c97070
_d97070